000 00375nam a2200157Ia 4500
008 221030s9999 xx 000 0 und d
020 _a8120339040
041 _aEnglish
100 _aA. S. Tanenbaum
245 0 _aModern Operating systems
_cby A. S. Tanenbaum
250 _a4th
260 _bPHI
_aNew Delhi
_c2012
300 _a1076
650 _aComputers
942 _cBK
999 _c14736
_d14736